[Event "Hradec Kralove Region-chT 2223"]
[Site "Czech Republic"]
[Date "2023.04.02"]
[Round "11.8"]
[White "Hepnar, David"]
[Black "Kykal, Zbynek"]
[Result "1/2-1/2"]
[WhiteElo "1769"]
[BlackElo "1770"]
[PlyCount "63"]
[EventDate "2022.10.09"]
[EventType "team-tourn"]
[EventRounds "11"]
[EventCountry "CZE"]
[SourceTitle "EXT 2024"]
[Source "ChessBase"]
[SourceDate "2023.10.10"]
[SourceVersion "1"]
[SourceVersionDate "2023.10.10"]
[SourceQuality "1"]

1. e4 c6 2. d4 d5 3. exd5 cxd5 4. Nf3 Nf6 5. Bd3 Bg4 6. 0-0 e6 7. c3 Nbd7 8. Bf4 a6 9. Nbd2 Be7 10. Qc2 0-0 11. Rfe1 Rc8 12. h3 Bh5 13. Ne5 Nxe5 14. dxe5 Nd7 15. Bxh7+ Kh8 16. Bd3 Nc5 17. Nb3 Nxd3 18. Qxd3 Qc7 19. Nd4 Bc5 20. Nb3 Rfd8 21. Nxc5 Qxc5 22. Be3 Qc4 23. Qxc4 dxc4 24. Bd4 Rd5 25. b4 Bg6 26. f4 Kh7 27. Kf2 Bd3 28. Ke3 Kg6 29. g4 Rh8 30. Rh1 Rh4 31. Rad1 Rd8 32. Rd2 1/2-1/2

[Event "Hradec Kralove Region-chT 2223"]
[Site "Czech Republic"]
[Date "2022.11.13"]
[Round "3.6"]
[White "Kykal, Zbynek"]
[Black "Vlcek, Vojtech"]
[Result "1-0"]
[WhiteElo "1780"]
[BlackElo "1658"]
[PlyCount "83"]
[EventDate "2022.10.09"]
[EventType "team-tourn"]
[EventRounds "11"]
[EventCountry "CZE"]
[SourceTitle "EXT 2024"]
[Source "ChessBase"]
[SourceDate "2023.10.10"]
[SourceVersion "1"]
[SourceVersionDate "2023.10.10"]
[SourceQuality "1"]

1. d4 Nf6 2. Nf3 d5 3. Bf4 c5 4. e3 Nc6 5. c4 Bf5 6. Nc3 Qa5 7. a3 Ne4 8. Rc1 e6 9. cxd5 exd5 10. dxc5 Rd8 11. Bb5 Bxc5 12. Bxc6+ bxc6 13. Qa4 Qb6 14. b4 Be7 15. Nxe4 dxe4 16. Ne5 0-0 17. Nxc6 Rd7 18. Nd4 Bg4 19. h3 Be6 20. Nxe6 Qxe6 21. 0-0 Rfd8 22. Rc2 h5 23. Rfc1 g5 24. Bc7 Rd1+ 25. Kh2 Bd6+ 26. Bxd6 Qxd6+ 27. g3 Rxc1 28. Rxc1 Qf6 29. Qc2 Qf3 30. a4 Qf5 31. b5 Kh7 32. Rb1 Rd6 33. a5 h4 34. b6 hxg3+ 35. fxg3 Qxa5 36. Qxe4+ Kh6 37. b7 Rd8 38. b8Q Rxb8 39. Rxb8 Qd2+ 40. Qg2 Qxe3 41. Rb7 f6 42. Qc2 1-0